000 00872nam0a22002531 4500
001 rc\4215583
005 20250611134245.0
021 _aRU
_b[48-28295]
035 _a(NLR Aleph) 008211888
090 _a8101647
_c8101647
100 _a20130415d1948 |||y0rusy50 ca
101 0 _arus
102 _aRU
105 _ay z |||||
200 1 _aУстав кооперативной артели инвалидов
_fУкр. сов. кооперации инвалидов
210 _aМосква
_aКиев
_cКОИЗ
_d1948
_gкн.-журн. ф-ка в Киеве
215 _a24 с.
_d17
606 _aАртели инвалидов
_jУстав
_2psbo
712 0 2 _aУкраинский сов. кооп. объединений инвалидов
801 0 _aRU
_bNLR
_gpsbo
801 1 _aRU
_bELAR
_2rusmarc
852 _aNLR
_jЭк80 Г-2/53
942 _cBOOK
980 _aNB